Statistics for ROBLOX Trivia

Click here to take the quiz!

General Stats

  • This quiz has been taken 164 times
  • The average score is 4 of 6

Answer Stats

QuestionAnswer% Correct
The ROBLOX "Veteran" badge is awarded to a user after being registered on the website how long?1 year
78%
What ROBLOX account has the user ID 1?ROBLOX
69%
The "Bear Face Mask" (the most sold item of 2018) is sold at what price?100 R$
66%
Who is the richest non-staff user?linkmon99
65%
What year were ROBLOX Gamepasses released?2012
49%
David Baszucki, the creator of ROBLOX created his account in 2007 under which username?david.baszucki
34%

Score Distribution

Percentile by Number Answered

Percent of People with Each Score

Your Score History

You have not taken this quiz